000 00552 a2200145 4500
999 _c328964
_d328964
003 Nust
005 20170613111858.0
008 170420b xxu||||| |||| 00| 0 eng d
040 _cNust
082 _a809.935
_bBHU
100 _aBhutta, Sakhi Muhammad
_92516
245 _aGul se Guldasta
_bSabaq Amooz Aap Beeti aur No Jawan Nasal ke liye Paigham Jaddo Jahad /
_cPro. Dr. Engineer Sakhi Muhammad Bhutta
260 _aIslamabad
_bPPA Publications
_c2012
300 _a160 p.
880 _6100-01\(3\r
_aسخی محمد بھٹہ
880 _6245-02\(3\r
_aسبق آموز آپ بیتی گل سے گلدستہ نوجوان نسل کے لیے پیغام جدوجہد
_cسخی محمد بھٹہ
880 _6260-03\(3\r
_aاسلام آباد:
_bپی پی اے پبلی کیشنز،
_c2012
942 _cBK
_2ddc